<The> Accidental Theorist And Other Dispatches from the Dismal Science

Salvato in:
Dettagli Bibliografici
Autore principale: Krugman, Paul
Natura: Libro
Lingua:inglese
Pubblicazione: New York W. W. Norton & Company 1998
Soggetti:
Tags: Aggiungi Tag
Nessun Tag, puoi essere il primo ad aggiungerne!!

MARC

LEADER 00000nam a2200000 4500
001 0257150
005 20240111125540.5
020 |a 0-393-04638-9 
041 0 |a eng 
044 |a US 
245 1 0 |a <The> Accidental Theorist  |b And Other Dispatches from the Dismal Science  |c Paul Krugman 
264 1 |a New York  |b W. W. Norton & Company  |c 1998 
300 |a 204 s. 
610 2 0 |a veda ekonomická 
610 2 0 |a ekonómia 
610 2 0 |a situácia hospodárska 
610 2 0 |a situácia politická 
610 2 0 |a keynesizmus 
610 2 0 |a globalizácia 
610 2 0 |a rast hospodársky 
610 2 0 |a trh 
610 2 0 |a porovnanie medzinárodné 
100 1 |a Krugman, Paul